[Event "Osijek op"]
[Site "Osijek"]
[Date "2015.03.07"]
[Round "6"]
[White "Babic, Radoslav"]
[Black "Galic, Ivan"]
[Result "0-1"]
[WhiteElo "2210"]
[BlackElo "2391"]
[PlyCount "82"]
[EventDate "2015.03.05"]
[EventType "swiss"]
[EventRounds "7"]
[EventCountry "CRO"]
[SourceTitle "CBM 165 Extra"]
[Source "ChessBase"]
[SourceDate "2015.04.21"]
[SourceVersion "1"]
[SourceVersionDate "2015.04.21"]
[SourceQuality "1"]

1. d4 Nf6 2. Nf3 e6 3. g3 d5 4. Bg2 Be7 5. 0-0 0-0 6. c4 dxc4 7. Ne5 Nc6 8. Bxc6 bxc6 9. Nxc6 Qe8 10. Nxe7+ Qxe7 11. b3 cxb3 12. axb3 Rd8 13. Ba3 Qd7 14. Nc3 Bb7 15. f3 e5 16. dxe5 Qh3 17. Qe1 Ng4 18. Rf2 Nxf2 19. Qxf2 Qe6 20. Qc5 Qb6 21. Kf2 Re8 22. Qxb6 axb6 23. f4 Bc6 24. Bb2 Rxa1 25. Bxa1 f6 26. exf6 gxf6 27. Bb2 Kf7 28. b4 Kg6 29. e3 Rd8 30. Ke2 Kf5 31. b5 Bg2 32. Ba3 Rd7 33. Bc1 Kg4 34. e4 Kh3 35. Be3 Kxh2 36. Bf2 Re7 37. Kd3 Bf1+ 38. Ke3 Rd7 39. Nd5 f5 40. Nb4 Bxb5 41. Nd5 Bc4 0-1

[Event "Zupanja op"]
[Site "Zupanja"]
[Date "2014.08.24"]
[Round "3"]
[White "Mrdja, Milan"]
[Black "Babic, Radoslav"]
[Result "1-0"]
[WhiteElo "2376"]
[BlackElo "2200"]
[PlyCount "111"]
[EventDate "2014.08.24"]
[EventType "swiss"]
[EventRounds "9"]
[EventCountry "CRO"]
[SourceTitle "EXT 2016"]
[Source "ChessBase"]
[SourceDate "2015.10.08"]
[SourceVersion "1"]
[SourceVersionDate "2015.10.08"]
[SourceQuality "1"]

1. e4 c6 2. d4 d5 3. f3 g6 4. c3 Bg7 5. e5 c5 6. dxc5 Bxe5 7. Be3 Bg7 8. Na3 Nf6 9. Nc2 0-0 10. Qd2 Re8 11. 0-0-0 Nc6 12. Kb1 Qa5 13. Ne2 e5 14. Nc1 Be6 15. g4 b6 16. h4 h5 17. gxh5 Nxh5 18. Rg1 Rad8 19. Bd3 e4 20. Be2 Nf6 21. f4 d4 22. Nxd4 Nxd4 23. cxd4 Qxd2 24. Bxd2 Rxd4 25. cxb6 axb6 26. h5 gxh5 27. Bc3 Rxd1 28. Bxd1 Ng4 29. Ne2 Bxc3 30. bxc3 f5 31. Ng3 h4 32. Nxe4 Bxa2+ 33. Kxa2 Rxe4 34. Bxg4 fxg4 35. Rxg4+ Kf7 36. Rxh4 b5 37. Kb3 Kf6 38. Rh5 Rxf4 39. Rxb5 Ke6 40. c4 Kd6 41. Kb4 Kc6 42. Rh5 Rg4 43. Rh6+ Kc7 44. Kb5 Rg5+ 45. c5 Rf5 46. Rh7+ Kc8 47. Kb6 Rf1 48. Rh8+ Kd7 49. c6+ Kd6 50. Rd8+ Ke7 51. Rd4 Rb1+ 52. Kc7 Re1 53. Kc8 Ke8 54. c7 Ke7 55. Rb4 Rc1 56. Kb8 1-0

[Event "Osijek-ch op"]
[Site "Osijek"]
[Date "2014.02.21"]
[Round "4"]
[White "Babic, Radoslav"]
[Black "Nikic, Patrick"]
[Result "1-0"]
[WhiteElo "2195"]
[BlackElo "1670"]
[PlyCount "67"]
[EventDate "2014.02.20"]
[EventType "swiss"]
[EventRounds "7"]
[EventCountry "CRO"]
[SourceTitle "CBM 159 Extra"]
[Source "ChessBase"]
[SourceDate "2014.04.24"]
[SourceVersion "1"]
[SourceVersionDate "2014.04.24"]
[SourceQuality "1"]

1. e4 c5 2. Nf3 d6 3. d4 cxd4 4. Qxd4 Nc6 5. Qe3 e6 6. c4 Be7 7. Be2 Nf6 8. 0-0 0-0 9. h3 Qc7 10. Nc3 a6 11. Rb1 Bd7 12. b3 Rfc8 13. Na4 Rab8 14. Nb6 Rd8 15. Bb2 Be8 16. e5 dxe5 17. Nxe5 Nxe5 18. Bxe5 Qc5 19. Bxb8 Qxe3 20. fxe3 Rxb8 21. b4 Ne4 22. Rb2 Bg5 23. Bd3 Bxe3+ 24. Kh2 Bxb6 25. Bxe4 Bd4 26. Rb3 g6 27. Rd3 e5 28. Rf6 Kg7 29. Rdf3 Rd8 30. c5 Bc3 31. Rb6 Rd4 32. Rxc3 Rxe4 33. Rxb7 Re2 34. c6 1-0

[Event "Porec op 12th"]
[Site "Porec"]
[Date "2012.12.08"]
[Round "6"]
[White "Ciganovic, Nikola"]
[Black "Babic, Radoslav"]
[Result "1-0"]
[WhiteElo "2303"]
[BlackElo "2177"]
[PlyCount "67"]
[EventDate "2012.12.06"]
[EventType "swiss"]
[EventRounds "7"]
[EventCountry "CRO"]
[SourceTitle "CBM 151 Extra"]
[Source "ChessBase"]
[SourceDate "2012.12.18"]
[SourceVersion "1"]
[SourceVersionDate "2012.12.18"]
[SourceQuality "1"]

1. e4 e5 2. Nf3 Nf6 3. Nxe5 d6 4. Nf3 Nxe4 5. d4 d5 6. Bd3 Be7 7. 0-0 0-0 8. Re1 Bf5 9. c4 c6 10. Qc2 Re8 11. Nc3 Bb4 12. Bf4 Nd7 13. cxd5 cxd5 14. Nxd5 Bxe1 15. Rxe1 Qa5 16. Nc7 Nec5 17. Rxe8+ Rxe8 18. Nxe8 Nxd3 19. Nd6 Qxa2 20. h3 Bg6 21. Bg3 Nf8 22. Qc8 Nxb2 23. Nxb7 Qe6 24. Qb8 Nc4 25. Qxa7 f6 26. Nc5 Qd5 27. Qe7 Bh5 28. Ne1 Qxd4 29. Qxf8+ Kxf8 30. Ne6+ Ke7 31. Nxd4 Bg6 32. f4 Be4 33. Kf2 f5 34. Nef3 1-0

[Event "Porec op 12th"]
[Site "Porec"]
[Date "2012.12.06"]
[Round "2"]
[White "Babic, Radoslav"]
[Black "Zufic, Miroslav"]
[Result "0-1"]
[WhiteElo "2177"]
[BlackElo "2420"]
[PlyCount "126"]
[EventDate "2012.12.06"]
[EventType "swiss"]
[EventRounds "7"]
[EventCountry "CRO"]
[SourceTitle "CBM 151 Extra"]
[Source "ChessBase"]
[SourceDate "2012.12.18"]
[SourceVersion "1"]
[SourceVersionDate "2012.12.18"]
[SourceQuality "1"]

1. e4 c5 2. Nf3 d6 3. d4 cxd4 4. Nxd4 Nf6 5. Nc3 a6 6. Bg5 e6 7. Bd3 Be7 8. 0-0 0-0 9. Nce2 Nc6 10. Nxc6 bxc6 11. Kh1 d5 12. e5 Nd7 13. Bxe7 Qxe7 14. f4 Bb7 15. c4 f6 16. exf6 Rxf6 17. cxd5 exd5 18. b4 a5 19. a3 Qd6 20. Qc2 h6 21. Qd2 Ba6 22. Bxa6 Rxa6 23. Nd4 axb4 24. axb4 Rxf4 25. Rac1 Rxf1+ 26. Rxf1 Ra8 27. b5 cxb5 28. Nxb5 Qe5 29. Nc3 Nf6 30. g3 d4 31. Qe2 Ra5 32. Qc4+ Kh8 33. Ne2 Qe4+ 34. Kg1 d3 35. Qxe4 Nxe4 36. Nd4 Ra2 37. Nf3 Nc3 38. Rf2 Rc2 39. Rd2 Rc1+ 40. Kg2 Rd1 41. Rxd1 Nxd1 42. Kf1 Ne3+ 43. Ke1 Nc4 44. Kd1 g5 45. Ne1 Ne3+ 46. Kd2 Nf1+ 47. Kxd3 Nxh2 48. Ke4 Kg7 49. Nd3 Kf6 50. Nc5 Nf1 51. Kf3 h5 52. Ne4+ Kg6 53. Nd6 Nh2+ 54. Ke4 Ng4 55. Nc4 Nf6+ 56. Ke5 g4 57. Ne3 Kg5 58. Ng2 Nd7+ 59. Ke4 Nc5+ 60. Kd4 Nb3+ 61. Ke3 Na5 62. Kd4 Nc6+ 63. Kd5 Ne7+ 0-1

[Event "Osijek-ch op"]
[Site "Osijek"]
[Date "2012.02.24"]
[Round "3"]
[White "Matanovic, Luka"]
[Black "Babic, Radoslav"]
[Result "1/2-1/2"]
[WhiteElo "1914"]
[BlackElo "2164"]
[PlyCount "52"]
[EventDate "2012.02.23"]
[EventType "swiss"]
[EventRounds "7"]
[EventCountry "CRO"]
[SourceTitle "EXT 2013"]
[Source "ChessBase"]
[SourceDate "2012.11.22"]
[SourceVersion "1"]
[SourceVersionDate "2012.11.22"]
[SourceQuality "1"]

1. e4 e5 2. Nf3 Nf6 3. Nxe5 d6 4. Nf3 Nxe4 5. Nc3 Nf6 6. d4 Be7 7. Bf4 c6 8. Qd2 Qa5 9. Bd3 Na6 10. 0-0 Be6 11. Ng5 Nc7 12. Nb5 Qxd2 13. Nxc7+ Kd7 14. Bxd2 Kxc7 15. Rfe1 Kd7 16. f4 g6 17. h3 Ne8 18. Nxe6 fxe6 19. a4 Ng7 20. Bc3 d5 21. Re2 Nh5 22. Bd2 Rhf8 23. Rf2 Bd6 24. Raf1 Ng3 25. Re1 Nh5 26. Ref1 Ng3 1/2-1/2

[Event "Osijek-ch op"]
[Site "Osijek"]
[Date "2012.02.24"]
[Round "4"]
[White "Oberman, Hotimir"]
[Black "Babic, Radoslav"]
[Result "1/2-1/2"]
[WhiteElo "2026"]
[BlackElo "2164"]
[PlyCount "95"]
[EventDate "2012.02.23"]
[EventType "swiss"]
[EventRounds "7"]
[EventCountry "CRO"]
[SourceTitle "EXT 2013"]
[Source "ChessBase"]
[SourceDate "2012.11.22"]
[SourceVersion "1"]
[SourceVersionDate "2012.11.22"]
[SourceQuality "1"]

1. e4 d6 2. d4 Nf6 3. Nc3 g6 4. f4 Bg7 5. Nf3 0-0 6. Bd3 Nfd7 7. Be3 c5 8. Qd2 Nc6 9. Ne2 cxd4 10. Nexd4 Nc5 11. c3 Nxd3+ 12. Qxd3 Re8 13. 0-0 Bd7 14. Rad1 Qa5 15. a3 Rac8 16. Rf2 Nxd4 17. Bxd4 Ba4 18. Rc1 e5 19. Be3 exf4 20. Bxf4 Bc6 21. Nd2 d5 22. exd5 Qxd5 23. Qxd5 Bxd5 24. Nf3 Bxf3 25. Rxf3 Re4 26. Rcf1 f5 27. Rd3 Rce8 28. Rd7 R8e7 29. Rxe7 Rxe7 30. Kf2 Kf7 31. Re1 Rd7 32. Re2 Bf6 33. Be5 g5 34. g3 Rd5 35. Bxf6 Kxf6 36. a4 Rd7 37. c4 f4 38. gxf4 gxf4 39. b4 Rd4 40. Rc2 Kf5 41. b5 b6 42. c5 bxc5 43. Rxc5+ Ke4 44. Rc7 Rxa4 45. Re7+ Kf5 46. Rxh7 Ra2+ 47. Kf3 Ra3+ 48. Kf2 1/2-1/2

[Event "Porec op"]
[Site "Porec"]
[Date "2010.12.02"]
[Round "2"]
[White "Babic, Radoslav"]
[Black "Zufic, Miroslav"]
[Result "0-1"]
[WhiteElo "2141"]
[BlackElo "2429"]
[PlyCount "50"]
[EventDate "2010.12.02"]
[EventType "swiss"]
[EventRounds "7"]
[EventCountry "CRO"]
[SourceTitle "CBM 139 Extra"]
[Source "ChessBase"]
[SourceDate "2011.01.05"]
[SourceVersion "1"]
[SourceVersionDate "2011.01.05"]
[SourceQuality "1"]

1. Nf3 Nf6 2. g3 g6 3. Bg2 Bg7 4. 0-0 0-0 5. d4 d5 6. c4 dxc4 7. Na3 Nc6 8. Nxc4 Be6 9. Nce5 Bd5 10. Bf4 Ne8 11. Nxc6 Bxc6 12. Ne5 Bxg2 13. Kxg2 Qd5+ 14. Nf3 Nd6 15. Bxd6 exd6 16. Qc2 Rae8 17. a4 Re7 18. Ra3 b6 19. Re1 Rfe8 20. e4 Rxe4 21. Rxe4 Qxe4 22. Qxc7 Bxd4 23. Qxa7 Bxf2 24. Qa6 Bc5 25. Rc3 Qe2+ 0-1

[Event "Osijek op"]
[Site "Osijek"]
[Date "2010.01.30"]
[Round "7"]
[White "Babic, Radoslav"]
[Black "Leventic, Ivan"]
[Result "0-1"]
[WhiteElo "2122"]
[BlackElo "2497"]
[PlyCount "145"]
[EventDate "2010.01.23"]
[EventType "swiss"]
[EventRounds "9"]
[EventCountry "CRO"]
[SourceTitle "CBM 134 Extra"]
[Source "ChessBase"]
[SourceDate "2010.03.03"]
[SourceVersion "1"]
[SourceVersionDate "2010.03.03"]
[SourceQuality "1"]

1. e4 Nf6 2. e5 Nd5 3. c4 Nb6 4. c5 Nd5 5. Nc3 e6 6. Nxd5 exd5 7. d4 b6 8. Be3 bxc5 9. dxc5 c6 10. b4 Na6 11. a3 Nc7 12. f4 a5 13. Nf3 Rb8 14. Bd2 Be7 15. Bd3 Ba6 16. Qe2 Bxd3 17. Qxd3 0-0 18. 0-0 f6 19. Rae1 fxe5 20. Nxe5 axb4 21. axb4 Bf6 22. Rf3 Bxe5 23. Rxe5 Qf6 24. Rh5 Qg6 25. Qxg6 hxg6 26. Rg5 Ne6 27. Rxg6 Nd4 28. Rf1 Rbe8 29. Kh1 Re4 30. Rg3 Ra8 31. Re3 Ra2 32. Rxe4 dxe4 33. Bc3 Nf5 34. Re1 Rc2 35. Be5 Rc4 36. Rb1 e3 37. Kg1 Ne7 38. Kf1 Nd5 39. b5 cxb5 40. Rxb5 Rc1+ 41. Ke2 Rc2+ 42. Ke1 Rxg2 43. Rb7 Rxh2 44. Rxd7 Nb4 45. Bc3 Nc2+ 46. Kf1 e2+ 47. Kg1 Rh3 48. Rxg7+ Kf8 49. Rg2 Rxc3 50. Rxe2 Nd4 51. Ra2 Kf7 52. Ra6 Rc2 53. Rd6 Nf5 54. Rd3 Ke6 55. Kf1 Nh4 56. Rh3 Ng6 57. Re3+ Kf5 58. Re2 Rc3 59. Ke1 Nxf4 60. Ra2 Ke4 61. Kd1 Rd3+ 62. Kc2 Ne6 63. Ra4+ Nd4+ 64. Kb2 Rb3+ 65. Ka2 Rc3 66. Rb4 Kd3 67. c6 Rc2+ 68. Ka3 Rxc6 69. Rb8 Kc3 70. Ra8 Rc5 71. Ra4 Rc8 72. Ra6 Rb8 73. Ra5 0-1

[Event "Osijek op"]
[Site "Osijek"]
[Date "2010.01.24"]
[Round "3"]
[White "Babic, Radoslav"]
[Black "Medak, Bojan"]
[Result "0-1"]
[WhiteElo "2122"]
[BlackElo "2354"]
[PlyCount "86"]
[EventDate "2010.01.23"]
[EventType "swiss"]
[EventRounds "9"]
[EventCountry "CRO"]
[SourceTitle "CBM 134 Extra"]
[Source "ChessBase"]
[SourceDate "2010.03.03"]
[SourceVersion "1"]
[SourceVersionDate "2010.03.03"]
[SourceQuality "1"]

1. d4 d6 2. e4 Nf6 3. Nc3 g6 4. h3 Bg7 5. Be3 a6 6. Nf3 0-0 7. Bd3 b5 8. a4 Bb7 9. axb5 axb5 10. Rxa8 Bxa8 11. Nd2 c6 12. 0-0 Nbd7 13. f4 b4 14. Na4 Bb7 15. c3 bxc3 16. bxc3 Qa5 17. Nc4 Qc7 18. Qc2 Ra8 19. Rb1 Ba6 20. Ncb6 Nxb6 21. Nxb6 Bxd3 22. Qxd3 Rb8 23. Nc4 Rxb1+ 24. Qxb1 d5 25. e5 Ne4 26. Qb6 Qxb6 27. Nxb6 Nxc3 28. Nc8 Kf8 29. Na7 Ke8 30. Nxc6 Kd7 31. Nb4 e6 32. Kf1 Bf8 33. Nd3 Kc6 34. Bd2 Nb5 35. Bb4 Bxb4 36. Nxb4+ Kb6 37. Nc2 Nc3 38. Kf2 Kb5 39. Ke3 Kc4 40. Ne1 Nb5 41. Nf3 h6 42. Nd2+ Kc3 43. Nf3 Na3 0-1

[Event "Porec op"]
[Site "Porec"]
[Date "2009.12.05"]
[Round "5"]
[White "Babic, Radoslav"]
[Black "Zufic, Miroslav"]
[Result "0-1"]
[WhiteElo "2123"]
[BlackElo "2461"]
[PlyCount "76"]
[EventDate "2009.12.03"]
[EventType "swiss"]
[EventRounds "7"]
[EventCountry "CRO"]
[SourceTitle "CBM 133 Extra"]
[Source "ChessBase"]
[SourceDate "2010.01.05"]
[SourceVersion "1"]
[SourceVersionDate "2010.01.05"]
[SourceQuality "1"]

1. d4 Nf6 2. Nf3 c5 3. d5 e6 4. c4 exd5 5. cxd5 d6 6. Nc3 g6 7. g3 Bg7 8. Bg2 0-0 9. 0-0 Re8 10. Nd2 Nbd7 11. e4 a6 12. a4 Ne5 13. f4 Nd3 14. Nc4 Nxc1 15. Rxc1 Ng4 16. Qe2 Bd4+ 17. Kh1 f5 18. h3 Nf6 19. e5 dxe5 20. fxe5 Nh5 21. Kh2 Rb8 22. e6 b5 23. axb5 axb5 24. Ne5 Qd6 25. Rfe1 b4 26. Nb5 Qxe5 27. Qxe5 Bxe5 28. Rxe5 Rxb5 29. d6 Bxe6 30. Bc6 Rbb8 31. Bxe8 Rxe8 32. Rcxc5 Kf7 33. Rc7+ Kf6 34. Rb5 Rd8 35. Rxb4 Rxd6 36. g4 Rd2+ 37. Kg1 Ng3 38. Rc6 Ke5 0-1

[Event "Osijek op"]
[Site "Osijek"]
[Date "2009.02.06"]
[Round "6"]
[White "Mrkonjic, Nenad"]
[Black "Babic, Radoslav"]
[Result "1-0"]
[WhiteElo "2352"]
[BlackElo "2078"]
[PlyCount "41"]
[EventDate "2009.01.31"]
[EventType "swiss"]
[EventRounds "9"]
[EventCountry "CRO"]
[SourceTitle "EXT 2010"]
[Source "ChessBase"]
[SourceDate "2010.11.25"]
[SourceVersion "1"]
[SourceVersionDate "2010.11.25"]
[SourceQuality "1"]

1. c4 Nf6 2. Nc3 e5 3. g3 Bc5 4. Bg2 0-0 5. e3 c6 6. Nge2 Re8 7. d4 exd4 8. exd4 Bb4 9. 0-0 d6 10. a3 Bxc3 11. Nxc3 Bg4 12. Qc2 Qd7 13. Bg5 Bf5 14. Qd2 Qd8 15. Qf4 Bd3 16. Rfe1 Nbd7 17. d5 Qc7 18. dxc6 bxc6 19. Red1 Be2 20. Rxd6 Qb6 21. b4 1-0

[Event "Osijek op"]
[Site "Osijek"]
[Date "2008.02.03"]
[Round "9"]
[White "Mrkonjic, Nenad"]
[Black "Babic, Radoslav"]
[Result "1-0"]
[WhiteElo "2384"]
[BlackElo "2000"]
[PlyCount "23"]
[EventDate "2008.01.26"]
[EventType "team"]
[EventRounds "9"]
[EventCountry "CRO"]
[SourceTitle "EXT 2009"]
[Source "ChessBase"]
[SourceDate "2008.11.26"]
[SourceVersion "1"]
[SourceVersionDate "2008.11.26"]
[SourceQuality "1"]

1. d4 d5 2. c4 c6 3. Nc3 Nf6 4. Nf3 g6 5. Bf4 Qa5 6. cxd5 cxd5 7. e3 Bg7 8. Bd3 0-0 9. 0-0 Bg4 10. Qb3 Bxf3 11. Qxb7 Bg4 12. Qxa8 1-0

[Event "Osijek op 3rd"]
[Site "Osijek"]
[Date "2007.12.14"]
[Round "7.5"]
[White "Babic, Radoslav"]
[Black "Oreskovic, Pero"]
[Result "0-1"]
[WhiteElo "1993"]
[BlackElo "2154"]
[PlyCount "94"]
[EventDate "2007.12.08"]
[EventType "swiss"]
[EventRounds "9"]
[EventCountry "CRO"]
[SourceTitle "CBM 121 Extra"]
[Source "ChessBase"]
[SourceDate "2008.01.10"]
[SourceVersion "1"]
[SourceVersionDate "2008.01.10"]
[SourceQuality "1"]

1. c4 Nf6 2. Nf3 g6 3. g3 Bg7 4. Bg2 d6 5. 0-0 0-0 6. d4 Nbd7 7. Nc3 c6 8. e4 e5 9. Rb1 a5 10. b3 Qc7 11. Ba3 Rd8 12. Re1 Nf8 13. h3 Ne6 14. d5 Nf8 15. dxc6 bxc6 16. Qc2 Ne6 17. Rbd1 Bb7 18. Na4 c5 19. Nc3 Nd4 20. Qd2 Qd7 21. Nh2 Bc6 22. Nd5 Bxd5 23. cxd5 h5 24. Nf3 Nxf3+ 25. Bxf3 Qxh3 26. Bg2 Qg4 27. Kh2 h4 28. Bh3 hxg3+ 29. fxg3 Qh5 30. Kg2 Bh6 31. Qd3 Kg7 32. Rh1 Ng4 33. Bxg4 Qxg4 34. Rh4 Qd7 35. Bb2 Bg5 36. Rhh1 a4 37. Bc1 Bxc1 38. Rxc1 axb3 39. axb3 Ra2+ 40. Rc2 Rda8 41. Qd2 Rxc2 42. Qxc2 Qg4 43. Rh4 Qg5 44. Kf3 Ra1 45. Qh2 Rf1+ 46. Ke2 Qf6 47. Qg2 Rb1 0-1

[Event "Osijek op 3rd"]
[Site "Osijek"]
[Date "2007.12.10"]
[Round "4.8"]
[White "Kovacevic, Srecko"]
[Black "Babic, Radoslav"]
[Result "1-0"]
[WhiteElo "2090"]
[BlackElo "1993"]
[PlyCount "61"]
[EventDate "2007.12.08"]
[EventType "swiss"]
[EventRounds "9"]
[EventCountry "CRO"]
[SourceTitle "CBM 121 Extra"]
[Source "ChessBase"]
[SourceDate "2008.01.10"]
[SourceVersion "1"]
[SourceVersionDate "2008.01.10"]
[SourceQuality "1"]

1. d4 c6 2. Nf3 d5 3. e3 Nf6 4. Nbd2 Nbd7 5. Bd3 e6 6. 0-0 Be7 7. b3 0-0 8. Bb2 Re8 9. Ne5 Nf8 10. f4 N6d7 11. Ndf3 f5 12. Qe2 Bf6 13. Kh1 Bxe5 14. dxe5 Nc5 15. Rg1 Nxd3 16. cxd3 c5 17. g4 fxg4 18. Rxg4 Re7 19. Rag1 b5 20. h4 a5 21. a4 bxa4 22. bxa4 Ba6 23. Ba3 Rc8 24. Qg2 Rcc7 25. Bxc5 Bxd3 26. Bxe7 Qxe7 27. Qd2 Bf5 28. Rxg7+ Qxg7 29. Rxg7+ Rxg7 30. Kh2 Be4 31. Ng5 1-0